Vplyv hospodárskej krízy na riadenie a organizáciu podnikov v stavebnom priemysle diplomová práca

Salvato in:
Dettagli Bibliografici
Autore principale: Švihurová, Anna
Ente Autore: Podnikovohospodárska fakulta EU so sídlom v Košiciach. Katedra manažmentu
Altri autori: Dubovická, Lenka
Natura: Libro
Lingua:slovacco
Pubblicazione: Košice 2011
Tags: Aggiungi Tag
Nessun Tag, puoi essere il primo ad aggiungerne!!

MARC

LEADER 00000nbm a2200000 4500
001 0130471
005 20161109101535.6
041 0 |a slo 
044 |a SK 
245 1 0 |a Vplyv hospodárskej krízy na riadenie a organizáciu podnikov v stavebnom priemysle  |b diplomová práca  |c Anna Švihurová ; školiteľ: Lenka Dubovická 
264 1 |a Košice  |c 2011 
300 |a 90 s. 
100 1 |a Švihurová, Anna 
700 1 |a Dubovická, Lenka 
710 2 |a Podnikovohospodárska fakulta EU so sídlom v Košiciach. Katedra manažmentu